Perspectivas actuales de la arqueología en Cartagena y su proyección submarina / (Record no. 100393)

MARC details
000 -LEADER
campo de control de longitud fija 00516nam a2200157 i 4500
001 - NÚMERO DE CONTROL
campo de control 100393
003 - IDENTIFICADOR DE NÚMERO DE CONTROL
campo de control ES-MaACL
005 - FECHA Y HORA DE LA ÚLTIMA TRANSACCIÓN
campo de control 20230906182651.0
007 - CAMPO FIJO DE DESCRIPCIÓN FÍSICA--INFORMACIÓN GENERAL
campo de control de longitud fija t|
008 - DATOS DE LONGITUD FIJA--INFORMACIÓN GENERAL
campo de control de longitud fija 050928s1972 sp ||||1| spa d
100 1# - ENTRADA PRINCIPAL--NOMBRE DE PERSONA
Nombre de persona Mas, Julio.
9 (RLIN) 78617
245 10 - MENCIÓN DEL TÍTULO
Título Perspectivas actuales de la arqueología en Cartagena y su proyección submarina /
Mención de responsabilidad, etc. Julio Mas.
260 ## - PUBLICACIÓN, DISTRIBUCIÓN, ETC.
Lugar de publicación, distribución, etc. Cartagena :
Nombre del editor, distribuidor, etc. Athenas,
Fecha de publicación, distribución, etc. 1972.
300 ## - DESCRIPCIÓN FÍSICA
Extensión 80 p., 4 h., 19 lám. con dos pleg., 1 map. pleg. :
Otras características físicas il ;
Dimensiones 20 cm.
852 ## - LOCALIZACIÓN
Ubicación ES-MaACL
Número de control de estantería C-44781
Sublocalización o colección R.83082
Holdings
Estatus retirado Estado de pérdida Estado de daño No para préstamo Biblioteca de origen Biblioteca actual Ubicación en estantería Fecha de adquisición Fuente de adquisición Total de préstamos Signatura topográfica completa Código de barras Visto por última vez Precio de reemplazo Tipo de ítem Koha
        Biblioteca del Ateneo de Madrid Biblioteca del Ateneo de Madrid Depósito 2 17/01/2008     C-44781 1104823 23/02/2023 23/02/2023 Libro impreso